Epistolario. (Record no. 182093)

MARC details
000 -LEADER
campo de control de longitud fija 01096nam a2200301 i 4500
001 - NÚMERO DE CONTROL
campo de control 182093
003 - IDENTIFICADOR DE NÚMERO DE CONTROL
campo de control ES-MaACL
005 - FECHA Y HORA DE LA ÚLTIMA TRANSACCIÓN
campo de control 20250821063114.0
007 - CAMPO FIJO DE DESCRIPCIÓN FÍSICA--INFORMACIÓN GENERAL
campo de control de longitud fija t|
008 - DATOS DE LONGITUD FIJA--INFORMACIÓN GENERAL
campo de control de longitud fija 130603s2013 sp ||||1| spa d
020 ## - NÚMERO INTERNACIONAL ESTÁNDAR DEL LIBRO
Número Internacional Estándar del Libro 978-84-7914-977-2
080 ## - NÚMERO DE LA CLASIFICACIÓN DECIMAL UNIVERSAL
Número de la Clasificación Decimal Universal 929 Jerónimo, Santo
100 0# - ENTRADA PRINCIPAL--NOMBRE DE PERSONA
Nombre de persona Jerónimo,
Títulos y otros términos asociados al nombre Santo
9 (RLIN) 66343
245 10 - MENCIÓN DEL TÍTULO
Título Epistolario.
Número de parte o sección de la obra I,
Nombre de parte o sección de la obra (Cartas 1-85**) /
Mención de responsabilidad, etc. San Jerónimo ; introuducciones, traducción y notas por Juan Bautista Valero.
250 ## - MENCION DE EDICION
Mención de edición Ed. bilingüe.
260 ## - PUBLICACIÓN, DISTRIBUCIÓN, ETC.
Lugar de publicación, distribución, etc. Madrid :
Nombre del editor, distribuidor, etc. Biblioteca de Autores Cristianos,
Fecha de publicación, distribución, etc. 2013.
300 ## - DESCRIPCIÓN FÍSICA
Extensión XCIII, 991 p. ;
Dimensiones 20 cm.
490 1# - MENCIÓN DE SERIE
Mención de serie Biblioteca de autores cristianos ;
Designación de volumen o secuencia 710
490 1# - MENCIÓN DE SERIE
Mención de serie Obras completas de San Jerónimo ;
Designación de volumen o secuencia Xa
504 ## - NOTA DE BIBLIOGRAFÍA, ETC.
Nota de bibliografía, etc. Bibliografía.Índice.
546 ## - NOTA DE IDIOMA
Nota de lengua/lenguaje Texto latino y traducción al español.
600 04 - PUNTO DE ACCESO ADICIONAL DE MATERIA--NOMBRE DE PERSONA
Nombre de persona Jerónimo,
Títulos y otros términos asociados al nombre Santo-
Subdivisión de forma Correspondencia
9 (RLIN) 66342
700 1# - ENTRADA AGREGADA--NOMBRE PERSONAL
Nombre de persona Valero, Juan Bautista.
9 (RLIN) 112657
830 00 - PUNTO DE ACCESO ADICIONAL DE SERIE-TÍTULO UNIFORME
Título uniforme Biblioteca de autores cristianos
Designación de volumen o secuencia 710
9 (RLIN) 178679
830 0# - PUNTO DE ACCESO ADICIONAL DE SERIE-TÍTULO UNIFORME
Título uniforme Obras completas de San Jerónimo ;
Designación de volumen o secuencia Xa
9 (RLIN) 183043
852 ## - LOCALIZACIÓN
Ubicación ES-MaACL
Número de control de estantería J-698
Holdings
Estatus retirado Estado de pérdida Estado de daño No para préstamo Biblioteca de origen Biblioteca actual Ubicación en estantería Fecha de adquisición Fuente de adquisición Total de préstamos Signatura topográfica completa Código de barras Visto por última vez Precio de reemplazo Tipo de ítem Koha
        Biblioteca del Ateneo de Madrid Biblioteca del Ateneo de Madrid Depósito 2 03/06/2013     J-698 1191354 23/02/2023 23/02/2023 Libro impreso